00823nam a2200229 a 450000100060000000300080000600500170001400800410003103500190007204000320009104100080012308200260013110000290015724500870018626000520027330000320032550000270035765000500038494200120043499900170044695201300046361127BD-RjUL20211209080926.0170115s1971 caua b 000 0 eng  a(BD-RjUL)61251 aDLCcDLCdMYGdBD-RjULbeng aeng 223a375.001bKEI 19711 aKemp, Jerrold E.918241610aInstructional design :ba plan for unit and course development /cJerrold E. Kemp. aBelmont, Calif. :bFearon Publishers, cc1971. av, 130 p. :bill. ;c21 cm. aIncludes bibliography. 0aCurriculum planning zUnited States. 9182417 2ddccBK c61127d61127 00102ddc40718NFICaRUCLbRUCLcReadingd1991-02-11eCanadal0o375.001 KEI 1971r2017-01-15 00:00:00tC-1w2017-01-15yBK